GRE Exam 2006 (Record no. 297060)
[ view plain ]
| 000 -LEADER | |
|---|---|
| fixed length control field | 00254 a2200109 4500 |
| 001 - CONTROL NUMBER | |
| control field | 61987 |
| 082 ## - DEWEY DECIMAL CLASSIFICATION NUMBER | |
| Classification number | 153.94 KAP |
| 090 ## - LOCALLY ASSIGNED LC-TYPE CALL NUMBER (OCLC); LOCAL CALL NUMBER (RLIN) | |
| -- | 37152 |
| -- | 37152 |
| 100 ## - MAIN ENTRY--PERSONAL NAME | |
| Personal name | Richmond, Barry |
| 245 ## - TITLE STATEMENT | |
| Title | GRE Exam 2006 |
| Statement of responsibility, etc. | Barry Richmond |
| 260 ## - PUBLICATION, DISTRIBUTION, ETC. | |
| Name of publisher, distributor, etc. | Simon & Schuster |
| Date of publication, distribution, etc. | 2006 |
| 942 ## - ADDED ENTRY ELEMENTS (KOHA) | |
| Institution code [OBSOLETE] | NUST-CAE |
| Call number prefix | 153.94 KAP |
| Withdrawn status | Lost status | Damaged status | Not for loan | Collection code | Permanent Location | Current Location | Date acquired | Total Checkouts | Full call number | Barcode | Date last seen | Price effective from | Koha item type |
|---|---|---|---|---|---|---|---|---|---|---|---|---|---|
| College of Aeronautical Engineering (CAE) | College of Aeronautical Engineering (CAE) | 04/03/2017 | 153.94 KAP | CAEN-3437 | 04/05/2017 | 04/05/2017 | Book |
